Ηλεκτρονικό έγκλημα : μορφές, απειλές και τρόποι αντιμετώπισης : πτυχιακή εργασία

Αποθηκεύτηκε σε:
Λεπτομέρειες βιβλιογραφικής εγγραφής
Κύριος συγγραφέας: Κάργιου, Αργυρώ
Συγγραφή απο Οργανισμό/Αρχή: Πανεπιστήμιο Αιγαίου. Σχολή Κοινωνικών Επιστημών. Τμήμα Πολιτισμικής Τεχνολογίας και Επικοινωνίας
Άλλοι συγγραφείς: Καλλονιάτης, Χρήστος (Εισηγητής διατριβής), Τσεκούρας, Γεώργιος (Εισηγητής διατριβής), Αναγνωστόπουλος, Χρήστος (Εισηγητής διατριβής)
Μορφή: Thesis Βιβλίο
Γλώσσα:Greek
Δημοσίευση: 2011
Θέματα:
Διαθέσιμο Online:http://hdl.handle.net/11610/10654
Ετικέτες: Προσθήκη ετικέτας
Δεν υπάρχουν, Καταχωρήστε ετικέτα πρώτοι!

MARC

LEADER 00000cam a2200000 i 4500
001 1/34181
008 130807s2011 gre d
035 |l 10115227 
040 |a GR-MY-UA  |b gre  |e aacr 
041 0 |a gre 
082 0 |a 005  |2 (22) 
100 1 |a Κάργιου, Αργυρώ. 
245 1 0 |a Ηλεκτρονικό έγκλημα :  |b μορφές, απειλές και τρόποι αντιμετώπισης : πτυχιακή εργασία /  |c Κάργιου Αργυρώ ; επιβλέπων καθηγητής: Καλλονιάτης Χρήστος, συνεπιβλέπων: Τσεκούρας Γεώργιος, Αναγνωστόπουλος Χρήστος-Νικόλαος 
260 |c 2011 
300 |a 72 σ.;  |b εικ.;  |c 30 εκ. 
500 |a Βιβλιογραφία: σ. 66-72 
502 |a Πτυχιακή εργασία – Πανεπιστήμιο Αιγαίου, Λέσβος, 2011. 
650 0 0 |a Computer crimes. 
650 0 0 |a Computer crimes  |x Prevention. 
650 0 0 |a World Wide Web  |x Security measures. 
650 0 0 |a Internet  |x Security measures. 
650 0 0 |a Computer security  |x Criminal provisions. 
650 0 0 |a Dissertations, Academic  |z Greece. 
700 1 |a Καλλονιάτης, Χρήστος.  |4 ths 
700 1 |a Τσεκούρας, Γεώργιος.  |4 ths 
700 1 |a Αναγνωστόπουλος, Χρήστος.  |4 ths 
710 2 |a Πανεπιστήμιο Αιγαίου.   |b Σχολή Κοινωνικών Επιστημών.   |b Τμήμα Πολιτισμικής Τεχνολογίας και Επικοινωνίας. 
852 |a INST  |b LESVOS  |c DIATR  |e 20130807  |h 285  |p 005100053248  |q 005100053248  |t DIE  |y 23 
852 |a INST  |b LESVOS  |c DIATR  |e 20130807  |h 286  |p 005100053247  |q 005100053247  |t DIE  |y 23 
856 |u http://hdl.handle.net/11610/10654 
901 |a BIBL1-2013-2 
909 |a Λ  |b 173692 
909 |a Λ  |b 173691 
924 |a ΚΑΡΓΙΟΥ  |b ΑΡΓΥΡΩ  |y ΛΕΣΒΟΣ  |z 2011-11 
970 |a ΤΖΑΦΕΡΗ  |b ΕΥΑΓΓΕΛΙΑ  |z 2013/08/12